000 00406cam a2200157ua 4500
020 _cRs.90
041 _aeng
_h
082 _a828.09
_bSPI/CR
100 _aSpingarn, J.E .
245 _aCritical Essays of the Seventeeth Century /
_cSpingarn.
_hTextual Documents
260 _a :
_bOxford university press ,
_c1937.
300 _a376 ; .
365 _aRs.90
504 _a
999 _c11735
_d11735